| 000 | 00655nam a22001817a 4500 | ||
|---|---|---|---|
| 999 |
_c185841 _d185841 |
||
| 005 | 20220210130212.0 | ||
| 010 | _aENG-131498 | ||
| 020 |
_a9789390679966 _c799.00 |
||
| 035 | _aEN-115030 | ||
| 037 | _bDBAD | ||
| 082 | _a954 | ||
| 100 | _aVarma, Pavan K. | ||
| 245 |
_aThe Great Hindu Civilisation: _bAchievement, Neglect, Bias and the Way Forward _cPavan K. Varma |
||
| 260 |
_aChennai _bWestland Publication Private Limited _c2021 |
||
| 270 |
_a1st Floor, A Block, East Wing, Plot No. 40 SP infocity, Dr. MGR Salai, Pergudi, Kandanchavadi _bChennai _e600096 |
||
| 300 |
_aix, 378p. _bIndex _c24cm(hbk) |
||
| 942 |
_2ddc _cEN _h954 _mVAR |
||